Quando ho aperto gli occhi
Guardado en:
| Hovedforfatter: | |
|---|---|
| Format: | Bog |
| Sprog: | Undetermined |
| Udgivet: |
Milan, Italia
Sperling & Kupfer
2008
|
| Fag: | |
| Tags: |
Tilføj Tag
Ingen Tags, Vær først til at tagge denne postø!
|
MARC
| LEADER | 00000nam a2200000Ia 4500 | ||
|---|---|---|---|
| 008 | 170316s9999 xx 000 0 und d | ||
| 999 | |c 8217 |d 8217 | ||
| 040 | |a cru BVZT | ||
| 090 | |a 850 S-5.1q | ||
| 100 | |a Sparks, Nicholas | ||
| 245 | |a Quando ho aperto gli occhi |c / Nicholas Sparks | ||
| 260 | |a Milan, Italia |b Sperling & Kupfer |c 2008 | ||
| 300 | |a 470 páginas | ||
| 650 | |a LITERATURA ITALIANA |9 212 | ||
| 650 | |a EN IDIOMA ITALIANO | ||
| 650 | |a NOVELA |9 13 | ||
| 942 | |c 15 D |h 850 S-5.1q |2 z | ||
